Dostoyevski : (Record no. 210469)

MARC details
000 -CABECERA
campo de control de longitud fija 00882nam a22002657a 4500
003 - IDENTIFICADOR DEL NÚMERO DE CONTROL
campo de control MX-MxUPN
005 - FECHA Y HORA DE LA ÚLTIMA TRANSACCIÓN
campo de control 20241014100854.0
008 - ELEMENTOS DE LONGITUD FIJA--INFORMACIÓN GENERAL
campo de control de longitud fija 231005t1985 sp a|||gr|||| 00| 0 spa d
020 ## - NÚMERO INTERNACIONAL NORMALIZADO PARA LIBROS
Número Internacional Estándar del Libro 8434581450
020 ## - NÚMERO INTERNACIONAL NORMALIZADO PARA LIBROS
Número Internacional Estándar del Libro 8434581744
040 ## - FUENTE DE LA CATALOGACIÓN
Centro catalogador/agencia de origen MX-MxUPN
Lengua de catalogación spa
Centro/agencia transcriptor MX-MxUPN
041 ## - CÓDIGO DE IDIOMA
Código de lengua del texto/banda sonora o título independiente spa
Código de lengua original fre
050 14 - SIGNATURA TOPOGRÁFICA DE LA BIBLIOTECA DEL CONGRESO
Número de clasificación PG3328 Z6
Número de documento/Ítem T76 1985
100 1# - ASIENTO PRINCIPAL--NOMBRE PERSONAL
9 (RLIN) 43362
Nombre de persona Troyat, Henri,
Fechas asociadas al nombre 1911-2007
240 10 - TÍTULO UNIFORME
Título uniforme Dostoïevski.
Lenguaje de la obra Español
245 10 - MENCIÓN DE TÍTULO
Título Dostoyevski :
Resto del título volumen primero
260 ## - PUBLICACIÓN, DISTRIBUCIÓN, ETC.
Lugar de publicación, distribución, etc. Barcelona :
Nombre del editor, distribuidor, etc. Salvat editores,
Fecha de publicación, distribución, etc. ©1985.
300 ## - DESCRIPCIÓN FÍSICA
Extensión 190 páginas :
Otras características físicas ilustraciones
490 0# - MENCIÓN DE SERIE
Mención de serie Biblioteca salvat de grandes biografías ;
Designación de volumen o secuencia 29
600 14 - ASIENTO SECUNDARIO DE MATERIA - NOMBRE PERSONAL
Nombre de persona Dostoyevski, Fëdor Mihajlovic,
Fechas asociadas al nombre 1821-1881
Subdivisión de forma Biografía
9 (RLIN) 54074
650 #4 - ASIENTO SECUNDARIO DE MATERIA - TERMINO TEMATICO
9 (RLIN) 54076
Término de materia o nombre geográfico como elemento de entrada Novelistas rusos
Subdivisión cronológica Siglo XIX
700 1# - ASIENTO SECUNDARIO--NOMBRE DE PERSONAL
9 (RLIN) 54077
Nombre de persona Andresco, Irene
Término indicativo de función/relación traducción
902 ## - ELEMENTOS DE DATOS B LOCAL, LDB (RLIN)
Creó MarielOrtiz/051023
Modificó MaríaRobles/111024
942 ## - ELEMENTOS DE PUNTO DE ACCESO ADICIONAL (KOHA)
Fuente del sistema de clasificación o colocación Library of Congress Classification
Tipo de ítem Koha Libro
Suprimir en OPAC No
Holdings
Estado de retiro Estado de pérdida Fuente del sistema de clasificación o colocación Estado dañado No para préstamo Código de colección Localización permanente Ubicación/localización actual Ubicación en estantería Fecha de adquisición Clasificación Código de barras Fecha visto por última vez Precio válido a partir de Tipo de ítem Koha
    Library of Congress Classification     Colección General Bib. Gregorio Torres Quintero Bib. Gregorio Torres Quintero Planta baja 05/10/2023 PG3328 Z6 T76 1985 340189 05/10/2023 05/10/2023 Libro